|
|
|
|
| LEADER |
00683nta a2200169 i 4500 |
| 001 |
dipl2286 |
| 005 |
20130314071223.0 |
| 008 |
110317s2002 hu om 0|| hun d |
| 040 |
|
|
|a SZTE Diploma Repozitórium
|b hun
|
| 041 |
|
|
|a hun
|
| 100 |
1 |
|
|a Halustyák Zoltán
|
| 245 |
1 |
0 |
|a Algoritmikus stratégiák a kombinatorikus kémiában
|h [elektronikus dokumentum] /
|c Zoltán Halustyák
|
| 260 |
|
|
|c 2002
|
| 650 |
|
4 |
|a Informatika
|
| 700 |
1 |
|
|a Balázs Péter
|e ths
|
| 856 |
4 |
0 |
|u http://diploma.bibl.u-szeged.hu/id/eprint/2286/1/2002_halustyak_zoltan_02_62.pdf
|z Dokumentum-elérés
|
| 856 |
4 |
0 |
|u http://diploma.bibl.u-szeged.hu/id/eprint/2286/2/2002_halustyak_zoltan_02_62_velemeny.pdf
|z Dokumentum-elérés
|